书目信息 |
| 题名: |
云南丛书书目提要
|
|
| 作者: | ;李孝友 , 余嘉华 , 张勇 执笔 ;云南省文史研究馆 纂集 | |
| 分册: | ||
| 出版信息: | 北京 中华书局 2010.01 |
|
| 页数: | 13, 321页 | |
| 开本: | 30cm | |
| 丛书名: | ||
| 单 册: | ||
| 中图分类: | Z812.274 | |
| 科图分类: | ||
| 主题词: | 地方业书--di fang ye shu--图书目录--云南省 | |
| 电子资源: | ||
| ISBN: | 978-7-101-06511-4 | |
| 000 | 01047nam0 2200265 450 | |
| 001 | 012010777812 | |
| 005 | 20100415094033.01 | |
| 010 | @a978-7-101-06511-4@b精装@dCNY58.00 | |
| 100 | @a20100415d2010 em y0chiy0120 ea | |
| 101 | 0 | @achi |
| 102 | @aCN@b110000 | |
| 105 | @ay z 000yy | |
| 106 | @ar | |
| 200 | 1 | @a云南丛书书目提要@Ayun nan cong shu shu mu ti yao@f云南省文史研究馆集纂@Fyun nan sheng wen shi yan jiu guan zuan ji@g李孝友, 张勇, 余嘉华执笔@Gli xiao you,zhang yong,yu jia hua zhi bi |
| 210 | @a北京@c中华书局@d2010.01 | |
| 215 | @a13, 321页@d30cm | |
| 330 | @a本书收录了明清两代记载滇史的重要文献,收录了有关云南学者撰写的各学科重要著作,共205种,其中已刊本179种,未刊本26种。 | |
| 606 | 0 | @a地方业书@Adi fang ye shu@x图书目录@y云南省 |
| 690 | @aZ812.274@v4 | |
| 702 | 0 | @a李孝友@Ali xiao you@4执笔 |
| 702 | 0 | @a余嘉华@Ayu jia hua@4执笔 |
| 702 | 0 | @a张勇@Azhang yong@4执笔 |
| 711 | 02 | @a云南省文史研究馆@Ayun nan sheng wen shi yan jiu guan@4纂集 |
| 801 | 0 | @aCN@bQSSK@c20100415 |
| 905 | @b777664-66@dZ812.274@eL298@f3 | |
| 云南丛书书目提要/云南省文史研究馆集纂/李孝友, 张勇, 余嘉华执笔.-北京:中华书局,2010.01 |
| 13, 321页;30cm |
| ISBN 978-7-101-06511-4(精装):CNY58.00 |
| 本书收录了明清两代记载滇史的重要文献,收录了有关云南学者撰写的各学科重要著作,共205种,其中已刊本179种,未刊本26种。 |
| ● |
| 相关链接 |
|
|
|
正题名:云南丛书书目提要
索取号:Z812.274/L298
 
预约/预借
| 序号 | 登录号 | 条形码 | 馆藏地/架位号 | 状态 | 备注 |
| 1 | 777664 | 207776646 | 自科二线400A/400A自科库 32排3列4层/ [索取号:Z812.274/L298] | 在馆 | |
| 2 | 777665 | 207776655 | 自科库501/501自科库 131排2列5层/ [索取号:Z812.274/L298] | 在馆 | |
| 3 | 777666 | 207776664 | 自科二线400A/400A自科库 32排3列4层/ [索取号:Z812.274/L298] | 在馆 |